Southville International School and Colleges
Your cart is empty.
  • Cart
  • Lists
    Public lists Eva Luna New books Lux_list list_1
    Your lists Log in to create your own lists
  • Log in to your account
  • Your cookies
  • Search history
Southville International School and Colleges
  • Advanced search
  • Recent comments
  • Most popular
  • Libraries

Log in to your account

Log in with GOOGLE


If you do not have an external account, but do have a local account, you can still log in:

  1. Home
  2. MARC view: The day the women got the vote :
Normal view MARC view ISBD view

The day the women got the vote : (Record no. 34095)

[ view plain ]
MARC details
000 -LEADER
fixed length control field 01218nam a2200337 a 4500
001 - CONTROL NUMBER
control field 3970160
003 - CONTROL NUMBER IDENTIFIER
control field OSt
005 - DATE AND TIME OF LATEST TRANSACTION
control field 20140310184410.0
008 - FIXED-LENGTH DATA ELEMENTS--GENERAL INFORMATION
fixed length control field 940428s1994 nyua j b 001 0 eng d
010 ## - LIBRARY OF CONGRESS CONTROL NUMBER
LC control number 94188990
020 ## - INTERNATIONAL STANDARD BOOK NUMBER
International Standard Book Number 0590475606 (pbk.) :
035 ## - SYSTEM CONTROL NUMBER
System control number (OCoLC)30341615
040 ## - CATALOGING SOURCE
Original cataloging agency OCl
Transcribing agency OCl
Modifying agency DLC
042 ## - AUTHENTICATION CODE
Authentication code lccopycat
-- lcac
043 ## - GEOGRAPHIC AREA CODE
Geographic area code n-us---
050 00 - LIBRARY OF CONGRESS CALL NUMBER
Classification number HQ 1236.5.U6
Item number .Su85 1994
100 1# - MAIN ENTRY--PERSONAL NAME
Personal name Sullivan, George,
Dates associated with a name 1927-
9 (RLIN) 26065
245 14 - TITLE STATEMENT
Title The day the women got the vote :
Remainder of title a photo history of the women's rights movement /
Statement of responsibility, etc George Sullivan.
260 ## - PUBLICATION, DISTRIBUTION, ETC. (IMPRINT)
Place of publication, distribution, etc New York :
Name of publisher, distributor, etc Scholastic,
Date of publication, distribution, etc 1994
300 ## - PHYSICAL DESCRIPTION
Extent 96 p. :
Other physical details ill. ;
Dimensions 26 cm.
504 ## - BIBLIOGRAPHY, ETC. NOTE
Bibliography, etc Includes bibliographical references (p. 93) and index.
521 ## - TARGET AUDIENCE NOTE
Target audience note
526 ## - STUDY PROGRAM INFORMATION NOTE
Reading level 1130
650 #0 - SUBJECT ADDED ENTRY--TOPICAL TERM
Topical term or geographic name as entry element Women's rights
Geographic subdivision United States
General subdivision History
-- Juvenile literature.
9 (RLIN) 26066
650 #0 - SUBJECT ADDED ENTRY--TOPICAL TERM
Topical term or geographic name as entry element Feminism
Geographic subdivision United States
General subdivision History
-- Juvenile literature.
9 (RLIN) 26067
650 #0 - SUBJECT ADDED ENTRY--TOPICAL TERM
Topical term or geographic name as entry element Women
General subdivision Suffrage
Geographic subdivision United States
General subdivision History
-- Juvenile literature.
9 (RLIN) 26068
906 ## - LOCAL DATA ELEMENT F, LDF (RLIN)
a 7
b cbc
c copycat
d 2
e ncip
f 19
g y-gencatlg
942 ## - ADDED ENTRY ELEMENTS (KOHA)
Source of classification or shelving scheme Library of Congress Classification
Koha item type
Holdings
Withdrawn status Lost status Source of classification or shelving scheme Damaged status Home library Current library Shelving location Date acquired Total Checkouts Full call number Barcode Date last seen Copy number Price effective from Koha item type
    Library of Congress Classification   Luxembourg Library Luxembourg Library Scholastic Reading Center Section 10/08/2013   HQ 1236.5.U6 .Su85 1994 LEX0396 04/18/2017 1 10/08/2013 Books

The day the women got the vote :

APA

Sullivan G., . (1994). The day the women got the vote. New York: Scholastic.

Chicago

Sullivan George, . 1994. The day the women got the vote. New York: Scholastic.

Harvard

Sullivan G., . (1994). The day the women got the vote. New York: Scholastic.

MLA

Sullivan George, . The day the women got the vote. New York: Scholastic. 1994.

  • Place hold
  • Print
  • Cite
  • Add to your cart (remove)
  • Save record
    BIBTEX Dublin Core MARCXML MARC (non-Unicode/MARC-8) MARC (Unicode/UTF-8) MARC (Unicode/UTF-8, Standard) MODS (XML) RIS
  • More searches
    Search for this title in:
    Other Libraries (WorldCat) Other Databases (Google Scholar) Online Stores (Bookfinder.com) Open Library (openlibrary.org)

Exporting to Dublin Core...

SOUTHVILLE LIBRARY

Southville International School and Colleges Library

1281 Tropical Ave. Cor. Luxembourg St., BF Homes International, Las Pinas City

Tel. No. 8256374 / 252358 Loc. 117/146

Powered by Koha